000 00714cam a22002653a 4500
001 31798
003 PGUSA
005 20140828083704.0
008 100327s2010||||xxu|||||s|||||000 1 eng d
040 _aPGUSA
_beng
042 _adc
050 4 _aPS
100 1 _aMacLean, Katherine,
_d1925-
245 1 0 _aGames
_h[electronic resource] /
_cKatherine MacLean
260 _bProject Gutenberg,
_c2010
506 _aPublic domain in the USA.
516 _aElectronic text
653 _aParapsychology -- Fiction
653 _aShort stories
653 _aScience fiction
700 1 _aAshman, William
830 0 _aProject Gutenberg
_v31798
856 4 0 _uhttp://www.gutenberg.org/ebooks/31798
942 _cEB
999 _c261053
_d261053